[Event "Torneo Internazionale"]
[Site "Albena BUL"]
[Date "1975.09.??"]
[Round "?"]
[White "Zichichi, Alvise"]
[Black "Bilyap, Siracettin"]
[WhiteElo "2330"]
[BlackElo "2260"]
[Result "1-0"]
[PlyCount "51"]
[EventDate "1975.09.01"]

1. e4 e6 2. d3 d5 3. Nd2 c5 4. Ngf3 Nc6 5. g3 Bd6 6. Bg2 Nge7 7. O-O O-O 8. Re1
Qc7 9. b3 d4 10. Nc4 e5 11. Nh4 f6 12. Qh5 Be6 13. Nf5 Nxf5 14. exf5 Bf7 15.
Qh3 Rab8 16. Re4 Bd5 17. Rh4 Bxg2 18. Kxg2 Rf7 19. Rxh7 Kf8 20. g4 Ke8 21. Qh5
Bf8 22. Nd2 Nb4 23. Ne4 Nxc2 24. Bh6 Nxa1 25. Bxg7 Bxg7 26. Rxg7 1-0